Normal view
MARC view
- ENGLISH FUN.VOCABULARY DEVELOPMENT.GRAMMAR IN THE COMMUNICATION PROCESS.ENGLISH CONCEPTS AND TECHNIQUES
Entry Topical Term
001 - CONTROL NUMBER
- control field: 64049
003 - CONTROL NUMBER IDENTIFIER
- control field: NUST
005 - DATE AND TIME OF LATEST TRANSACTION
- control field: 20210628203221.0
008 - FIXED-LENGTH DATA ELEMENTS
- fixed length control field: 210628|| aca||aabn | a|a d
040 ## - CATALOGING SOURCE
- Original cataloging agency: NUST
- Transcribing agency: NUST
150 ## - HEADING--TOPICAL TERM
- Topical term or geographic name entry element: ENGLISH FUN.VOCABULARY DEVELOPMENT.GRAMMAR IN THE COMMUNICATION PROCESS.ENGLISH CONCEPTS AND TECHNIQUES
670 ## - SOURCE DATA FOUND
- Source citation: Work cat.: (NUST): Watson, George 64048, 190 ready to use activities that make english fun, 2002
